The education-jobs gap : underemployment of economic democracy
Αποθηκεύτηκε σε:
| Κύριος συγγραφέας: | |
|---|---|
| Μορφή: | Βιβλίο |
| Γλώσσα: | English |
| Δημοσίευση: |
Boulder, Colo. :
Westview Press,
c1998
|
| Θέματα: | |
| Ετικέτες: |
Προσθήκη ετικέτας
Δεν υπάρχουν, Καταχωρήστε ετικέτα πρώτοι!
|
MARC
| LEADER | 00000nam a2200000 i 4500 | ||
|---|---|---|---|
| 001 | 1/70651 | ||
| 008 | 990226s1998 eng d | ||
| 020 | |a 0-8133-2560-9 | ||
| 035 | |l 10048155 | ||
| 040 | |a GR-MY-UA |b gre |e aacr | ||
| 041 | 0 | |a eng | |
| 082 | 0 | |a 306.361 | |
| 100 | 1 | |a Livingstone, D. W. | |
| 245 | 1 | 4 | |a The education-jobs gap : |b underemployment of economic democracy / |c D. W. Livingstone |
| 260 | |a Boulder, Colo. : |b Westview Press, |c c1998 | ||
| 300 | |a 341 p. | ||
| 504 | |a Includes bibliographical references (p. [299]-330) and index | ||
| 650 | 0 | 0 | |a College graduates |x Employment. |
| 650 | 0 | 0 | |a College graduates |x Employment |z United States. |
| 650 | 0 | 0 | |a College graduates |x Employment |z Canada. |
| 650 | 0 | 0 | |a Labor supply |x Effect of education on |z United States. |
| 650 | 0 | 0 | |a Labor supply |x Effect of education on |z Canada. |
| 650 | 0 | 0 | |a Underemployment |z United States. |
| 650 | 0 | 0 | |a Underemployment |z Canada. |
| 650 | 0 | 0 | |a Unemployment |z United States. |
| 650 | 0 | 0 | |a Unemployment |z Canada. |
| 852 | |a INST |b LESVOS |e 19990226 |h 306.361 LIV |p 005100016868 |q 005100016868 |t BK |y 0 | ||
| 901 | |a BIBL-1999-1 | ||
| 909 | |a Λ |b 061298 | ||
| 922 | |a 1ΕΛΗ |b 199811 |c ΚΠΣ/ΤΚ |d ΠΑΠΑΣΩΤΗΡΙΟΥ | ||
| 950 | |a 103-1998-07-27 | ||